000 00239nam a22000857a 4500
008 160706b xxu||||| |||| 00| 0 eng d
100 _92353
_a Srivastava, S
245 _aWhat is Right? What is Wrong?
260 _aNew Delhi
_b National Book Trust
999 _c2030
_d2030